Score 0/24 Timer 05:00
2 Plays Today
% Correct
Back to the Future
82.8%
The Godfather
79.6%
Gone with the Wind
73.9%
Hook
73.1%
Rocky
72.3%
Pitch Perfect
65.8%
The Goonies
65%
To Kill a Mockingbird
64.8%
Casablanca
64.5%
The Breakfast Club
58.9%
E.T. the Extra-Terrestrial
58.2%
The Hobbit
57.1%
% Correct
Pretty Woman
51.8%
Legally Blonde
51.6%
10 Things I Hate About You
49%
Rain Man
46.4%
Harry Potter and the Half-Blood Prince
46.4%
Taxi Driver
42.9%
The Terminal
36.8%
Kill Bill
34.7%
The Magnificent Seven
32.4%
La La Land
31.1%
Notting Hill
30.4%
It
26.6%
Remove Ads.
Support Sporcle.
Get the best of Sporcle when you Go Orange. This ad-free experience offers more features, more stats, and more fun while also helping to support Sporcle. Thank you for becoming a member.

You're not logged in!

Compare scores with friends on all Sporcle quizzes.
OR
Log In

Sporcle TV

Today on Sporcle TV


Watch our educational content, quiz creation guides, and fun videos on Sporcle TV.

Show Comments

Extras

Top Quizzes Today


Score Distribution

Paid Content

Your Account Isn't Verified!

In order to create a playlist on Sporcle, you need to verify the email address you used during registration. Go to your Sporcle Settings to finish the process.

Report this User

Report this user for behavior that violates our Community Guidelines.

Details: